| 000 | 00403nam a2200133 a 4500 | ||
|---|---|---|---|
| 001 | 000038756 | ||
| 005 | 20201002031348.0 | ||
| 008 | 130419s1967 spaa 000 0 spa d | ||
| 040 |
_aDO-SdBNP _bspa _cBNPHU |
||
| 100 | 1 |
_aAsián Peña, José L. _965054 |
|
| 245 | 1 | 0 |
_aNociones de historia de la cultura / _cJosé L. Asián Peña. |
| 260 |
_aBarcelona : _bBosch , _c1967. |
||
| 300 |
_a243 p. : _bil. ; _c21 cm. |
||
| 999 |
_c38246 _d38246 |
||